书目信息 |
| 题名: |
细说大唐大全集
|
|
| 作者: | 周水琴 主编 | |
| 分册: | ||
| 出版信息: | 北京 中国华侨出版社 2011 |
|
| 页数: | 350页 | |
| 开本: | 29cm | |
| 丛书名: | ||
| 单 册: | ||
| 中图分类: | K242.1 | |
| 科图分类: | ||
| 主题词: | 中国历史--古代史--唐代--通俗读物 , 中国历史 , 古代史 | |
| 电子资源: | ||
| ISBN: | 978-7-5113-1207-5 | |
| 000 | 00858nam0 2200265 45 | |
| 001 | 012001002267 | |
| 005 | 20140926114740.0 | |
| 010 | @a978-7-5113-1207-5@dCNY59.80 | |
| 100 | @a20110415d2011 em y0chiy50 ea | |
| 101 | 0 | @achi |
| 102 | @aCN@b110000 | |
| 105 | @aa z 000yy | |
| 106 | @ar | |
| 200 | 1 | @a细说大唐大全集@9xi shuo da tang da quan ji@f周水琴主编 |
| 210 | @a北京@c中国华侨出版社@d2011 | |
| 215 | @a350页@c图@d29cm | |
| 300 | @a细说中国大历史系列 | |
| 330 | @a本书讲述了唐从建立到灭亡的近300年历史,涵盖了唐朝版图疆域、行政区域、人口、管制、军事、农业、冶铁业、商业、文化、宗教、思想等各个领域的内容。 | |
| 606 | 0 | @a中国历史@x古代史@z唐代@j通俗读物 |
| 606 | 0 | @a中国历史 |
| 606 | 0 | @a古代史 |
| 690 | @aK242.1@v4 | |
| 701 | 0 | @a周水琴@9zhou shui qin@4主编 |
| 801 | 0 | @aCN@b上海新华@c20180901 |
| 905 | @b1157750-4@dK242.1@e41@f5 | |
| 细说大唐大全集/周水琴主编.-北京:中国华侨出版社,2011 |
| 350页:图;29cm |
| 细说中国大历史系列 |
| ISBN 978-7-5113-1207-5:CNY59.80 |
| 本书讲述了唐从建立到灭亡的近300年历史,涵盖了唐朝版图疆域、行政区域、人口、管制、军事、农业、冶铁业、商业、文化、宗教、思想等各个领域的内容。 |
| ● |
| 相关链接 |
|
|
|
|
正题名:细说大唐大全集
索取号:K242.1/41
 
预约/预借
| 序号 | 登录号 | 条形码 | 馆藏地/架位号 | 状态 | 备注 |
| 1 | 1157750 | 211577505 | 第二样本阅览室/ [索取号:K242.1/41] | 在馆 | |
| 2 | 1157751 | 211577514 | 第二借阅区/ [索取号:K242.1/41] | 在馆 | |
| 3 | 1157752 | 211577523 | 第二借阅区/ [索取号:K242.1/41] | 在馆 | |
| 4 | 1157753 | 211577532 | 第二借阅区/ [索取号:K242.1/41] | 在馆 | |
| 5 | 1157754 | 211577541 | 密集书库-史法系/ [索取号:K242.1/41] | 在馆 |